Los Derechos de propiedad y el crecimiento económico /

Guardado en:
Bibliografiske detaljer
Hovedforfatter: Lewer, Joshua
Andre forfattere: Sáenz, Mariana
Format: Texto
Fag:
Tags: Tilføj Tag
Ingen Tags, Vær først til at tagge denne postø!

MARC

LEADER 00000 a a2200000 04500
001 3580
003
040
100 |a Lewer, Joshua  
245 |a Los Derechos de propiedad y el crecimiento económico /  |c Joshua Lewer ; Mariana Sáenz  
500 |a Resumen también en inglés páginas 1011  
650 |a DERECHOS DE PROPIEDAD  
650 |a CRECIMIENTO ECONOMICO  
650 |a METODOLOGIA  
650 |a ANALISIS ESTADISTICO  
700 |a Sáenz, Mariana  
773 |g volumen 55, número 11; páginas 948-953  
999 |c 31531  |d 31531